000 00610nam a2200217 a 4500
005 20210219154552.0
008 991125n 000 0 spa u
035 _aUPN01000127943
110 1 _aUNIVERSIDAD PEDAGOGICA NACIONAL (MEXICO) SISTEMA DE EDUCACION A DISTANCIA
222 0 _aBOLETIN UPN UNIDAD AJUSCO
245 0 0 _a¿Qué es el SEAD?
260 _aMéxico
300 _a4-5, 8
362 0 _a1979 Vol. 1, no. 5, sept.
653 0 _aEDUCACION A DISTANCIA
653 0 _aEDUCACION SUPERIOR
653 0 _aFORMACION DE MAESTROS
653 0 _aSEAD
904 _aAC
_b043460
905 _aArticulo
999 _c100122
_d100122